00741nam a2200241 a 4500001001300000003000900013005001700022008004100039020002300080082001800103100002800121245006300149260002700212300000900239500003500248505001000283650002500293700002800318902000800346942000700354952012100361999001700482nice12345678IN_TiNIC20260116015356.0110425s2008 nj,a grp 000 0 eng  a9781597841290c10000a297.1227bNUR aNursi, Bediuzzaman Said aReasoningsb A Key to Understanding the Qur`an`s Eloquence aNJ, USA bLight c2008 a157p aincludes index and biblioraphy2 aIndex aQuran-Critical Study1 aNursi, Bediuzzaman Said bSRS cBK 001040708StackRoom-aHMIbHMId2011-04-25g100.00l0o297.1227 NURp11002299r2011-04-25v100.00w2011-04-25yBK c19442d19442